00587cam a22001814a 45000010009000000050017000090080041000260200035000670500021001020820012001231000019001352450107001542500012002612600055002733000034003286500016003627000027003781247254320250321170339.0010716s2002 nyua b 001 0 eng  a0273651897 (alk. paper : pbk.)00aHD31b.H316 200200a6582211 aHannagan, Tim.10aManagement :bconcepts & practices /cTim Hannagan with contributions from Roger Bennett ... [et al.]. a3rd ed. aNew York :bFinancial Times Prentice Hall,cc2002. axix, 655 p. :bill. ;c25 cm. 0aManagement.1 aBennett, Roger,d1944-